Simulačná analýza výroby nábytku s prepojením simulátora na operatívnu databázu výroby : Diplomová práca

Salvato in:
Dettagli Bibliografici
Autore principale: Rusňák, Ladislav, 1987- (Autore)
Altri autori: Važan, Pavel, 1962- (Relatore della tesi)
Natura: Manoscritto Libro
Lingua:slovacco
Pubblicazione: Trnava : STU v Bratislave MTF UIAM, 2011
Soggetti:
Accesso online:VAIS
Tags: Aggiungi Tag
Nessun Tag, puoi essere il primo ad aggiungerne!!

MARC

LEADER 00000ntm a22000003a 4500
001 stu226904
005 20160719160431.6
008 110616s2011----xo------------------slo-d
040 |a STU  |b slo 
041 0 |a slo 
044 |a xo 
100 1 |a Rusňák, Ladislav,  |d 1987-  |4 aut  |X 37003  |7 A000037003 
242 0 0 |a Simulation analysis of furniture production via connection of simulator with operative production database  |y eng 
245 1 |a Simulačná analýza výroby nábytku s prepojením simulátora na operatívnu databázu výroby :  |b Diplomová práca 
260 |a Trnava :  |b STU v Bratislave MTF UIAM,  |c 2011 
300 |a 63 s., CD-ROM 
650 7 |a modelovanie  |2 stusub 
650 7 |a výrobný systém  |2 stusub 
650 7 |a aplikovaná informatika a automatizácia v priemysle  |2 stusub 
650 7 |a Applied Informatics and Automation in Industry  |2 estusub 
700 1 |a Važan, Pavel,  |d 1962-  |4 ths  |u M6000  |U MTF Materiálovotechnologická fakulta  |T MTF Ústav aplikovanej informatiky, automatizácie a matematiky  |X 323  |U M6000  |Y 86  |7 A000000323 
856 4 |a info a plný text  |u http://is.stuba.sk/zp/portal_zp.pl?podrobnosti=75066  |3 VAIS 
996 |c M*DP-9996  |l MMSKP  |s P  |a 0  |w stu226904_0001